000 00295nam a2200133Ia 4500
100 _aJai/R.P/ ww
942 _cBK
654 _adigital
245 _aModern Digital Electronics
260 _bTata Mc Graw hill
_aNew Delhi
_c1987
082 _a621.3817
_bJAI
300 _a468
546 _aENGLISH
999 _c27978
_d27978